吃飯
| 資料類型: | 圖書 | 書目號: | 46739 |
Leader xxxxxxxxxx 001 __ PCLIS00046739 005 __ 20130827091012.0008 010 0_ |a978-986-173-896-3|b平裝|d新臺幣350元 042 __ |anbic 100 __ |a20130827d2013 m y0chiy50 e 101 0_ |achi 102 __ |atw 105 __ |ay z 000ay 200 1_ |a吃飯|e|f章小東著 205 __ |a初版 210 __ |a臺北市|c麥田出版|c家庭傳媒城邦分公司發行|d2013[民102] 215 0_ |a357面|c|d21公分 225 2_ |a麥田文學|v264 300 __ |a 410 _1 |12001 |a麥田文學|v264 681 __ |a857.7|b0095-1 700 _1 |a章|b小東|4 702 __ |a|b|4 801 _2 |atw|b輔仁大學|c20130613|gCCR 801 _2 |atw|bNDHU|c20130827|gCCR |